Most Popular Dog Breeds by Picture - Statistics

General Stats
  • This quiz has been taken 80 times
  • The average score is 12 of 16
Answer Stats
Picture Answer % Correct
Siberian Husky
95%
Bulldog
94%
German Shepherd
94%
Labrador Retriever
94%
Pug
92%
Poodle
91%
Golden Retriever
88%
Beagle
86%
Rottweiler
82%
French Bulldog
80%
Pomeranian
78%
Chihuahua
75%
Border Collie
66%
Yorkshire Terrier
63%
Cane Corso
18%
Cockapoo
17%
No matching quizzes found
Score Distribution
Percent of People with Each Score
Percentile by Number Answered
Your Score History
You have not taken this quiz